000 00533nam a22001817a 4500
003 OSt
005 20260130141257.0
008 251217b |||||||| |||| 00| 0 eng d
020 _a9780582431744
040 _cOutspan Global University
050 _aLB1028.3
_b.B37 2005
100 _aMartin Barrall
_eAuthors
245 _aA-Level Study Guide
_bICT
_cby Barrall Martin & Mitchell-Kelso J V
260 _aEngland
_bPearsopn Education limited
_c2005
300 _a179p
700 _a Jo Kelso-Mitchell ,
_e Author
942 _2lcc
_cBK
_n0
999 _c3462
_d3462